00266nam a2200109Ia 4500008004100000041000800041082000800049100002400057245003500081260003200116300000800148221007s9999 xx 000 0 und d aeng bKHE aKhedkar S (2K51089) aStudy of Loan Facility for Car c2007bPune UniversityaPune a42p